000 00397nam a2200169Ia 4500
005 20250423101141.0
008 250422s9999 xx 000 0 und d
020 _a0- 89116- 737- 4
050 _aKN 389 .S2/
100 _asaul M. Kassin
245 4 _aThe American jury on trial
260 _bHemisphere
260 _c1988
300 _a232 p
650 _aJury- united states
942 _cBK
999 _c35446
_d35446